02751nam a2200457uu 4500001000800000005001700008007001000025008004100035035001200076040001300088041000800101080000900109082000800118100004900126245005400175260003500229300001300264520108300277650002601360650004601386650003901432650004301471650003801514650002801552650002101580650007901601650002601680650003801706650003701744650002801781650003501809650003201844650002901876700004301905942001001948999001901958502001201977526000801989952016201997952013402159131889820260508075618.0co|||||||130308s2013 spa  a1318898 ccomduadb aspa aT/CD 4a61610aRestrepo Mejía, Mauricio4auteaut966815210aAspectos psicológicos de la obesidad en adultos aMedellín :bAutor(a),c2013. a1 CD-ROM3 aObjetivo: Las estadísticas de obesidad han tenido un aumento exesivo en los últimos años, suficiente para convertirla en la epidemia del siglo XXI. Cualquier aproximación terapéutica debe conocer las variables en torno a esta condición, su comorbilidad e impacto de la psicopatología asociada en la calidad de vida del adulto obeso. Metodología: Cada una de las secciones de este escrito requirió revisión de la literatura científica de múltiples fuentes en la Internet, privilegiando los datos obtenidos en instituciones gubernamentales y universitarias de todo el mundo y, artículos publicados en fechas recientes a partir de 2008. La obesidad es una condición mórbida que ha afectado a una enorme mayoría de países en el mundo y está significativamente asociada con grandes riesgos de comorbilidad psicológica y detrimento de la calidad de vida; se requiere una aproximación multidisciplinaria que incluya la evaluación y tratamiento psicológico para disminuir los riesgos asociados y mejorar la calidad de vida del paciente obeso. 7aObesidad2lemb912710 7aObesidadxAspectos psicológicos291522 aObesidad - Epidemiología9195291 aÍndice de Masa Corporal (IMC)933481 7aConducta alimentaria2decs917901 7aPersonalidad2lemb9550 aEstrés9187580 7aTrastornos de alimentación y de la ingestión de alimentos2dcs9130627 7aSobrepeso2dcs990286 aAdicciones (Psicología)9126519 7aPsicología cognitiva2dcs9312 7aPersonalidad2lemb9550 7aPsicología social2lemb9127 aPerfil psicológico938024 7aPsicoterapia2lemb9235910aTamayo Lopera, Diego4thseths9280012 cTESIS c646272d646272 b105c12 a106 001040708DIGITALaCISHbCISHd2013-03-08eMaterial adquirido por donacióniC1169202l0oT/CD-09356p0626585r2023-05-02 00:00:00t1w2023-05-02yDIGITAL 001040708TESDIGBCaBCbBCd2014-02-13iC1197535l0o616.398 R436a CD-ROMp0973284r2023-05-02 00:00:00t2w2023-05-02yDIGITAL